00300nam a2200133Ia 4500003000400000005001700004008004100021020001800062040000900080100001600089245003300105260001900138260000900157OSt20231212080937.0170524s9999 xx 000 0 und d a81-7024-981-3 ciimt aBabu Satish 0aTourism Development in India bA . P. H. Pub. c1998